00434nam a22001577a 450000500170000001000130001702000260003003500130005603700170006908200080008610000210009424500580011526000380017327000440021130000210025520140505124523.0 aB-505570 a9788125045113c375.00 aB-505570 adplbBSB/Ven a882 aRamu, Ramanathan a3, Sakina Manzil and Other Plays/cby Ramu Ramanathan aHyderabadbOrient Blackswanc2012 a3-6-752 Himayatnagar,bHyderbade500029 a380p.c21cm(pbk)